| 000 | 01484nam1a22003371 4500 | ||
|---|---|---|---|
| 001 | rc\4121989 | ||
| 005 | 20260424124616.0 | ||
| 035 | _a(NLR Aleph) 007981538 | ||
| 090 |
_a8523024 _c8523024 |
||
| 100 | _a20260426 rusy50 | ||
| 101 | 0 | _arus | |
| 102 | _aRU | ||
| 105 | _a| g ||||| | ||
| 200 | 1 |
_aМузыкальный календарь ... _e[ежегодник] |
|
| 210 |
_aМосква _cГосударственное музыкальное изд-во _d1956– |
||
| 215 | _d14–22 | ||
| 300 | _aС вып. 1970 г. загл. и подзаг. данные: Ежегодник памятных музыкальных дат и событий : справочное пособие | ||
| 300 | _aУ вып. 1968–1969 гг. в вых. дан.: Изд-во "Советский композитор" | ||
| 300 | _aУ вып. 1965–1966 гг. и с вып. 1969 г. в вых. дан.: Изд-во "Музыка" | ||
| 320 | _aБиблиогр. в конце ст. | ||
| 327 | 1 | _aСодерж. статьи на значимые даты муз. истории | |
| 517 | 1 |
_aЕжегодник памятных музыкальных дат и событий _eсправочное пособие |
|
| 801 | 0 |
_aRU _bNLR _gpsbo |
|
| 801 | 1 |
_aRU _bELAR _2rusmarc |
|
| 852 |
_aNLR _j60-1/1119 |
||
| 852 |
_aNLR _j87-5/113 |
||
| 852 |
_aNLR _j+ шифры разные |
||
| 942 | _cBOOK | ||
| 980 | _aNB | ||